| 000 | 00778cam a2200265 a 4500 | ||
|---|---|---|---|
| 001 | 15322534 | ||
| 005 | 20171218073501.0 | ||
| 008 | 080609s2008 nyua 000 0aeng | ||
| 010 | _a 2008025510 | ||
| 020 | _a9780767928823 | ||
| 020 | _a0767928822 | ||
| 035 | _a(OCoLC)ocn229432636 | ||
| 035 | _a(OCoLC)229432636 | ||
| 040 |
_aDLC _cDLC _dYDXCP _dBAKER _dIK2 _dUPZ _dJTE _dC#P _dZJI _dVP@ _dCDX _dDLC |
||
| 041 | _aeng | ||
| 043 | _an-us--- | ||
| 080 | _a070.92 | ||
| 082 | 0 | 0 |
_a070.92 O'RE _aB _222 |
| 100 | 1 | _a37 | |
| 101 | _aEDU | ||
| 245 | 1 | 2 |
_aA bold fresh piece of humanity / _cBill O'Reilly. |
| 906 |
_a7 _bcbc _corignew _d1 _eecip _f20 _gy-gencatlg |
||
| 942 |
_2ddc _cBK |
||
| 999 |
_c39080 _d39080 |
||